000 00362 a2200109 4500
020 _a8178884763
082 _a333.9115 SAN
100 _aSanghvi,Sheela
245 _aInternational water Resources Management : challenges,crises and people
_cSheela Sanghvi
260 _aNew Delhi:
_cDominate publishers and distributer,
_b2007.
300 _a307p. :
_c27 cm
650 _aWater Resource Management
999 _c906
_d906